| 000 | 01118nam a2200229Ia 4500 | ||
|---|---|---|---|
| 003 | Ost | ||
| 005 | 20260507075125.0 | ||
| 008 | 260507s9999||||xx |||||||||||||| ||und|| | ||
| 020 | _a8009329957 | ||
| 040 | _cfsecg | ||
| 041 | _aara | ||
| 082 | _a330 | ||
| 100 |
_aالبكري، ثامر _eمؤلف |
||
| 245 | 0 |
_aالإتصالات التسويقية والترويج / _c ثامر البكري |
|
| 260 |
_aعمان: _bدار الحامد للنشر والتوزيع, _c2006 |
||
| 300 |
_a349 صفحة؛ _bإيضاحات ؛ _c24 سم |
||
| 520 | _aالإتصالات-الإتصالات التسويقية المتكاملة-التخطيط والإتصالات التسويقية-الأخلاق والإتصالات التسويقية-الترويج وسلوك المستهلك-الإعلان-ترويج المبيعات-البيع الشخصي-العلاقات العامة-التسويق المباشر-قياس فاعلية الإتصالات التسويقية والترويج | ||
| 653 | _aادارة المبيعات | ||
| 653 | _aالإتصالات | ||
| 653 | _aالتسويق | ||
| 942 | _cكتاب | ||
| 999 |
_c43134 _d43134 |
||